000 00623nam a22001937a 4500
005 20251108165359.0
008 250721s1984 xx 000 0 ara d
082 1 4 _aم/922.13/ذهب
100 1 _aالذهبي، محمد بن أحمد بن عثمان
245 1 0 _aكتاب المعين في طبقات المحدثين /
264 1 _aعمان :
_bدار الفرقان،
_c1984.
300 _a244ص
650 1 7 _aالحديث الشريف
650 1 7 _aرواية الحديث
650 1 7 _aالتراجم
700 1 _aسعيد، همام عبد الرحيم
_eتحقيق
942 _2ddc
_cREF
999 _c26527
_d26527